[Event "Liptovsky Mikulas CupT U20"]
[Site "Liptovsky Mikulas"]
[Date "2011.06.25"]
[Round "3"]
[White "Tropp, Oliver"]
[Black "Szabo, Csanad"]
[Result "1-0"]
[WhiteElo "1936"]
[BlackElo "1897"]
[PlyCount "53"]
[EventDate "2011.06.24"]
[EventType "team-tourn"]
[EventRounds "9"]
[EventCountry "SVK"]
[SourceTitle "CBM 143 Extra"]
[Source "ChessBase"]
[SourceDate "2011.08.29"]
[SourceVersion "1"]
[SourceVersionDate "2011.08.29"]
[SourceQuality "1"]
[WhiteTeam "Liptov Chess School"]
[BlackTeam "Bekescsaba U20"]
[WhiteTeamCountry "SVK"]
[BlackTeamCountry "HUN"]

1. c4 Nf6 2. Nc3 g6 3. g3 Bg7 4. Bg2 0-0 5. d4 d6 6. Nf3 c5 7. e3 Nc6 8. 0-0 Bd7 9. b3 a6 10. Bb2 Qc8 11. dxc5 dxc5 12. Na4 Rd8 13. Nb6 Qc7 14. Nxa8 Rxa8 15. Qe2 e5 16. h3 Re8 17. Rad1 h6 18. Nd2 Kh7 19. Kh2 b6 20. Ne4 Nxe4 21. Bxe4 f5 22. Bg2 Rd8 23. Rd2 Be8 24. Rfd1 Rxd2 25. Qxd2 e4 26. Bxg7 Kxg7 27. f3 1-0

[Event "HUN-chT2 Toth 1011"]
[Site "Hungary"]
[Date "2011.05.15"]
[Round "11.10"]
[White "Szabo, Csanad"]
[Black "Czina, Peter"]
[Result "1/2-1/2"]
[WhiteElo "1907"]
[BlackElo "1698"]
[PlyCount "68"]
[EventDate "2010.09.12"]
[EventType "team-tourn"]
[EventRounds "11"]
[EventCountry "HUN"]
[SourceTitle "EXT 2012"]
[Source "ChessBase"]
[SourceDate "2011.11.24"]
[SourceVersion "1"]
[SourceVersionDate "2011.11.24"]
[SourceQuality "1"]
[WhiteTeam "Mako"]
[BlackTeam "Nadudvar"]
[WhiteTeamCountry "HUN"]
[BlackTeamCountry "HUN"]

1. d4 Nf6 2. c4 c5 3. Nf3 cxd4 4. g3 g6 5. Bg2 Bg7 6. Nxd4 Nc6 7. Nc3 Nxd4 8. Qxd4 0-0 9. 0-0 d6 10. Rd1 a6 11. Qh4 Qc7 12. Bg5 Be6 13. Nd5 Bxd5 14. cxd5 Qb6 15. Rab1 Qa5 16. a4 b5 17. b3 bxa4 18. Qxa4 Qb5 19. Bf3 h6 20. Be3 Rfc8 21. Rbc1 Rab8 22. Rxc8+ Rxc8 23. Rc1 Rxc1+ 24. Bxc1 Qxa4 25. bxa4 Nd7 26. Bd2 Nc5 27. a5 Nb3 28. Be1 Bb2 29. e3 Bc1 30. Bd1 Bd2 31. Bxb3 Bxe1 32. Bc4 Bxa5 33. Bxa6 Kg7 34. e4 Bb6 1/2-1/2

[Event "HUN-chT2 Toth 1011"]
[Site "Hungary"]
[Date "2011.03.27"]
[Round "7.7"]
[White "Szabo, Csanad"]
[Black "Nagy, Jozsef"]
[Result "1-0"]
[WhiteElo "1907"]
[BlackElo "1903"]
[PlyCount "105"]
[EventDate "2010.09.12"]
[EventType "team-tourn"]
[EventRounds "11"]
[EventCountry "HUN"]
[SourceTitle "EXT 2012"]
[Source "ChessBase"]
[SourceDate "2011.11.24"]
[SourceVersion "1"]
[SourceVersionDate "2011.11.24"]
[SourceQuality "1"]
[WhiteTeam "Mako"]
[BlackTeam "Csongrad Felegyhaza"]
[WhiteTeamCountry "HUN"]
[BlackTeamCountry "HUN"]

1. d4 d5 2. Nf3 Nf6 3. c4 c6 4. Nc3 Bf5 5. Bf4 Nbd7 6. cxd5 cxd5 7. Qb3 Qb6 8. Qxb6 Nxb6 9. Nb5 Rc8 10. Nxa7 Rc2 11. Nh4 Bd7 12. b3 e6 13. Kd1 Rc3 14. Bd2 Ne4 15. Bxc3 Nxf2+ 16. Ke1 Nxh1 17. Nf3 Bd6 18. a4 Ke7 19. e3 Ra8 20. Nb5 Bxb5 21. Bxb5 Rc8 22. Ba5 Nd7 23. Ke2 Ng3+ 24. hxg3 Rc2+ 25. Bd2 Bxg3 26. Kd3 Rc8 27. Bb4+ Bd6 28. Bxd6+ Kxd6 29. Bxd7 Kxd7 30. Ra2 f6 31. Rc2 Rh8 32. b4 h5 33. a5 g5 34. g3 g4 35. Nh4 e5 36. dxe5 fxe5 37. Ng6 Re8 38. Rc5 Kd6 39. e4 dxe4+ 40. Kxe4 Rg8 41. Rd5+ Kc7 42. Nxe5 h4 43. gxh4 g3 44. Nf3 g2 45. Rg5 Re8+ 46. Kd3 Rd8+ 47. Ke2 Re8+ 48. Kf2 Re4 49. b5 Ra4 50. Kxg2 Rxa5 51. b6+ Kxb6 52. Rxa5 Kxa5 53. h5 1-0

[Event "HUN-chT U18"]
[Site "Miskolc"]
[Date "2010.11.06"]
[Round "8.3"]
[White "Szabo, Csanad"]
[Black "Kaczur, Florian"]
[Result "0-1"]
[WhiteElo "1918"]
[BlackElo "2013"]
[PlyCount "74"]
[EventDate "2010.11.02"]
[EventType "team-swiss"]
[EventRounds "8"]
[EventCountry "HUN"]
[SourceTitle "EXT 2016"]
[Source "ChessBase"]
[SourceDate "2015.10.08"]
[SourceVersion "1"]
[SourceVersionDate "2015.10.08"]
[SourceQuality "1"]

1. d4 g6 2. c4 Bg7 3. Nf3 Nf6 4. Nc3 0-0 5. e4 d6 6. Be2 e5 7. 0-0 Nc6 8. d5 Ne7 9. Be3 Ng4 10. Bg5 f6 11. Bh4 h5 12. h3 Nh6 13. Bg3 f5 14. c5 Bf6 15. cxd6 cxd6 16. Bh4 Bxh4 17. Nxh4 f4 18. Nf3 Kg7 19. h4 Nf7 20. Rc1 a6 21. b4 Ng8 22. Re1 Kh8 23. Rc2 Bg4 24. g3 g5 25. hxg5 Nxg5 26. Nh4 f3 27. Ng6+ Kg7 28. Nxf8 fxe2 29. Ne6+ Nxe6 30. Nxe2 Nd4 31. Nxd4 Bxd1 32. Ne6+ Kf6 33. Nxd8 Bxc2 34. Nxb7 Ke7 35. Rc1 Bxe4 36. Rc7+ Kf6 37. Nxd6 Bxd5 0-1

[Event "HUN-chT U18"]
[Site "Miskolc"]
[Date "2010.11.04"]
[Round "4.5"]
[White "Lovas, Miklos"]
[Black "Szabo, Csanad"]
[Result "1-0"]
[WhiteElo "1756"]
[BlackElo "1918"]
[PlyCount "91"]
[EventDate "2010.11.02"]
[EventType "team-swiss"]
[EventRounds "8"]
[EventCountry "HUN"]
[SourceTitle "EXT 2016"]
[Source "ChessBase"]
[SourceDate "2015.10.08"]
[SourceVersion "1"]
[SourceVersionDate "2015.10.08"]
[SourceQuality "1"]

1. e4 e6 2. d4 d5 3. Nc3 Bb4 4. Bd3 dxe4 5. Bxe4 Nf6 6. Bg5 h6 7. Bxf6 Qxf6 8. Nf3 Nd7 9. a3 Bxc3+ 10. bxc3 0-0 11. 0-0 Rd8 12. Rb1 c6 13. Qe2 a5 14. c4 Nf8 15. c3 Qe7 16. c5 Nd7 17. Rb3 e5 18. Bd3 Re8 19. Re1 Kf8 20. Nxe5 Nxe5 21. Qxe5 Qxe5 22. Rxe5 Rxe5 23. dxe5 a4 24. Rb4 Ra5 25. f4 Rxc5 26. Rc4 Rxc4 27. Bxc4 b5 28. Bd3 Be6 29. Kf2 Ke7 30. Ke3 Kd7 31. Kd4 Bd5 32. g3 Bf3 33. Kc5 f6 34. c4 fxe5 35. fxe5 Ke6 36. cxb5 cxb5 37. Bxb5 Kxe5 38. Bxa4 h5 39. Bc6 Bd1 40. a4 Bxa4 41. Bxa4 h4 42. g4 Kf4 43. Bd7 Kf3 44. Kd6 Kg2 45. g5 g6 46. Ke7 1-0

[Event "HUN-chT U18"]
[Site "Miskolc"]
[Date "2010.11.03"]
[Round "2.8"]
[White "Werner, Anna"]
[Black "Szabo, Csanad"]
[Result "1/2-1/2"]
[WhiteElo "1730"]
[BlackElo "1918"]
[PlyCount "86"]
[EventDate "2010.11.02"]
[EventType "team-swiss"]
[EventRounds "8"]
[EventCountry "HUN"]
[SourceTitle "EXT 2016"]
[Source "ChessBase"]
[SourceDate "2015.10.08"]
[SourceVersion "1"]
[SourceVersionDate "2015.10.08"]
[SourceQuality "1"]

1. d4 d5 2. c4 e6 3. Nc3 Nf6 4. cxd5 exd5 5. Nf3 Be7 6. Bg5 Nbd7 7. e3 0-0 8. Qc2 c6 9. Bd3 h6 10. Bh4 Re8 11. 0-0 Ne4 12. Bxe7 Qxe7 13. Ne2 f5 14. Rab1 a5 15. b3 Qd6 16. Ng3 g6 17. Rbe1 Ndf6 18. Ne5 Kg7 19. Ne2 c5 20. Nc3 cxd4 21. exd4 Nxc3 22. Qxc3 Be6 23. Qb2 Rec8 24. Rc1 Bd7 25. Rfe1 Bc6 26. h3 Qb4 27. Qc3 Qd6 28. Qc5 Qxc5 29. Rxc5 Rc7 30. Rec1 Nd7 31. Nxd7 Rxd7 32. Be2 Rd6 33. Bf3 Kf7 34. g3 Ke7 35. Bg2 Kd7 36. Re1 b6 37. Rc3 Re8 38. Rxe8 Kxe8 39. Re3+ Kd7 40. f4 Re6 41. Kf2 Rxe3 42. Kxe3 Ke6 43. h4 h5 1/2-1/2

[Event "HUN-chT2 Toth 0910"]
[Site "Hungary"]
[Date "2010.04.18"]
[Round "10.10"]
[White "Szabo, Csanad"]
[Black "Egri, Laszlo"]
[Result "0-1"]
[WhiteElo "1820"]
[BlackElo "1982"]
[PlyCount "70"]
[EventDate "2009.11.08"]
[EventType "team-tourn"]
[EventRounds "11"]
[EventCountry "HUN"]
[SourceTitle "EXT 2011"]
[Source "ChessBase"]
[SourceDate "2010.11.26"]
[SourceVersion "1"]
[SourceVersionDate "2010.11.26"]
[SourceQuality "1"]
[WhiteTeam "Mako II"]
[BlackTeam "Kisujszallas"]
[WhiteTeamCountry "HUN"]
[BlackTeamCountry "HUN"]

1. d4 Nf6 2. Bf4 d6 3. e3 g6 4. Bd3 Bg7 5. Nf3 0-0 6. h3 Nbd7 7. 0-0 c6 8. c4 Re8 9. Bh2 e5 10. Be2 e4 11. Nfd2 d5 12. cxd5 cxd5 13. Nc3 a6 14. Qb3 Nf8 15. Be5 N8d7 16. Bh2 Nf8 17. a4 b6 18. Rae1 Bb7 19. f3 exf3 20. Bxf3 Ne6 21. Be5 Ng5 22. Bxf6 Nxf3+ 23. Rxf3 Bxf6 24. Ref1 Bg5 25. Nde4 Rxe4 26. Nxe4 dxe4 27. Rxf7 Qd5 28. Qxb6 Bxe3+ 29. Kh1 Bc6 30. Rc7 Qc4 31. Rcf7 Bxd4 32. Qa5 e3 33. R7f4 e2 34. Re1 Re8 35. Qc7 Bxg2+ 0-1

[Event "HUN-chT U18"]
[Site "Miskolc"]
[Date "2009.10.29"]
[Round "6.4"]
[White "Szabo, Csanad"]
[Black "Huszar, Reka"]
[Result "1/2-1/2"]
[WhiteElo "1820"]
[BlackElo "1846"]
[PlyCount "115"]
[EventDate "2009.10.26"]
[EventType "team-swiss"]
[EventRounds "8"]
[EventCountry "HUN"]
[SourceTitle "EXT 2016"]
[Source "ChessBase"]
[SourceDate "2015.10.08"]
[SourceVersion "1"]
[SourceVersionDate "2015.10.08"]
[SourceQuality "1"]

1. d4 Nf6 2. Nf3 e6 3. g3 c5 4. Bg2 Nc6 5. 0-0 d5 6. b3 cxd4 7. Nxd4 e5 8. Nxc6 bxc6 9. Bb2 Qc7 10. Nd2 Bf5 11. Nf3 Bd6 12. Qc1 Qe7 13. c4 0-0 14. Rd1 Rac8 15. Qg5 Qe6 16. Nh4 Bg4 17. Qd2 d4 18. Bf3 Rb8 19. Qd3 c5 20. e4 g6 21. Bc1 Kg7 22. Bxg4 Qxg4 23. f3 Qe6 24. Qd2 Ng8 25. g4 Be7 26. Qf2 a5 27. Qg3 a4 28. Rd3 axb3 29. axb3 Ra8 30. Rb1 Ra2 31. Bd2 Rfa8 32. Rf1 Rb2 33. Bc1 Bxh4 34. Qxh4 Rc2 35. Qg3 Raa2 36. h4 h6 37. Re1 Nf6 38. Red1 Nd7 39. Re1 Nf6 40. Kh1 Kh7 41. Kg1 h5 42. g5 Nd7 43. Kh1 Qa6 44. Qh3 Qa5 45. Red1 Qc7 46. Rf1 Ra1 47. Bd2 Rxf1+ 48. Qxf1 Ra2 49. Be1 Ra1 50. Kg2 Nf8 51. Qe2 Qa7 52. Kg3 Ne6 53. Qf2 Kg7 54. Kh2 Ra2 55. Rd2 Ra1 56. Rd3 Ra2 57. Rd2 Ra1 58. Rd3 1/2-1/2

[Event "HUN-chT U18"]
[Site "Miskolc"]
[Date "2009.10.27"]
[Round "2.4"]
[White "Szabo, Csanad"]
[Black "Berki, Zsofi Anna"]
[Result "1-0"]
[WhiteElo "1820"]
[BlackElo "1633"]
[PlyCount "63"]
[EventDate "2009.10.26"]
[EventType "team-swiss"]
[EventRounds "8"]
[EventCountry "HUN"]
[SourceTitle "EXT 2016"]
[Source "ChessBase"]
[SourceDate "2015.10.08"]
[SourceVersion "1"]
[SourceVersionDate "2015.10.08"]
[SourceQuality "1"]

1. d4 d5 2. c4 c6 3. Nf3 e6 4. Nc3 f5 5. g3 Nf6 6. Bg2 Bd6 7. 0-0 0-0 8. Bf4 Bxf4 9. gxf4 Ne4 10. Ne5 Qh4 11. e3 Rf6 12. Nxe4 fxe4 13. Qg4 Rh6 14. Qxh4 Rxh4 15. f3 exf3 16. Nxf3 Rh6 17. Ne5 Nd7 18. Rae1 Nf6 19. e4 dxc4 20. Rf3 b5 21. Bh3 Bd7 22. Nxd7 Nxd7 23. d5 Rxh3 24. Rxh3 cxd5 25. exd5 exd5 26. Re7 Nc5 27. Rh5 Nd3 28. Rxd5 b4 29. Rdd7 Nxb2 30. Rxg7+ Kf8 31. Rxh7 Ke8 32. Rb7 1-0

[Event "HUN-chT U18"]
[Site "Miskolc"]
[Date "2009.10.26"]
[Round "1.10"]
[White "Mikulas, Viktoria"]
[Black "Szabo, Csanad"]
[Result "0-1"]
[WhiteElo "1339"]
[BlackElo "1820"]
[PlyCount "88"]
[EventDate "2009.10.26"]
[EventType "team-swiss"]
[EventRounds "8"]
[EventCountry "HUN"]
[SourceTitle "EXT 2016"]
[Source "ChessBase"]
[SourceDate "2015.10.08"]
[SourceVersion "1"]
[SourceVersionDate "2015.10.08"]
[SourceQuality "1"]

1. e4 e6 2. d4 d5 3. exd5 exd5 4. Nf3 Bd6 5. Nc3 c6 6. Bd3 Ne7 7. 0-0 Bg4 8. Bg5 f6 9. Bd2 Qc7 10. Be2 Bxf3 11. Bxf3 Bxh2+ 12. Kh1 Bd6 13. Ne2 Nd7 14. g3 Ng6 15. b3 h5 16. Kg2 Nb6 17. Ba5 Qd7 18. Bxb6 axb6 19. c4 dxc4 20. bxc4 h4 21. Rh1 Qf5 22. Qd2 h3+ 23. Kf1 Qxf3 24. Rh2 0-0-0 25. Qc2 Rde8 26. Re1 Ne7 27. c5 bxc5 28. dxc5 Bc7 29. Nd4 Qg4 30. Qd3 Nd5 31. Rxe8+ Rxe8 32. Qf5+ Qxf5 33. Nxf5 g6 34. Nd4 Re4 35. Nb3 Kd7 36. Rxh3 Ke6 37. Nd2 Ra4 38. Rh6 Rxa2 39. Nf3 Ne7 40. Nh4 b5 41. cxb6 Bxb6 42. Rxg6 Rxf2+ 43. Ke1 Rh2 44. Rg4 Bf2+ 0-1

[Event "HUN-chT2 Toth 0809"]
[Site "Hungary"]
[Date "2009.01.11"]
[Round "5.12"]
[White "Szabo, Csanad"]
[Black "Koplandi, Peter"]
[Result "1-0"]
[WhiteElo "1833"]
[BlackElo "100"]
[PlyCount "63"]
[EventDate "2008.10.26"]
[EventType "team-tourn"]
[EventRounds "11"]
[EventCountry "HUN"]
[SourceTitle "EXT 2010"]
[Source "ChessBase"]
[SourceDate "2010.11.25"]
[SourceVersion "1"]
[SourceVersionDate "2010.11.25"]
[SourceQuality "1"]
[WhiteTeam "Mako II"]
[BlackTeam "Szentes"]
[WhiteTeamCountry "HUN"]
[BlackTeamCountry "HUN"]

1. e4 c5 2. Nf3 Nc6 3. Nc3 d6 4. d4 cxd4 5. Nxd4 e5 6. Nb3 Nf6 7. Bg5 h6 8. Bh4 Be7 9. Bg3 0-0 10. Bc4 a6 11. a4 Bd7 12. Bd5 Qc7 13. Qe2 Nb4 14. Bc4 Nxc2+ 15. Qxc2 Qxc4 16. Nd2 Qc7 17. 0-0 b5 18. Rac1 Rfc8 19. Qd3 bxa4 20. Nd5 Qd8 21. Nxf6+ gxf6 22. Qe3 Bf8 23. Bh4 Bg7 24. Rfd1 Bb5 25. Nf3 Rab8 26. Rxc8 Rxc8 27. Nxe5 Qe7 28. Ng4 h5 29. Nh6+ Bxh6 30. Qxh6 Qxe4 31. Bxf6 Qg6 32. Qh8# 1-0